000 00727nam a2200289Ia 4500
005 20260324124035.0
008 008 260324s9999 xx 000 0 eng d
020 _a9781032680514
037 _aEBOOK
040 _aCRL
040 _beng
040 _cCRL
041 _2eng
041 _aeng
084 _qCRL
100 _aJeff Zwiers; Marie Crawford
_91172618
245 0 _aAcademic Conversations
245 0 _bClassroom Talk that Fosters Critical Thinking and Content Understandings
260 _bTaylor and Francis
260 _c2011
365 _a
365 _b135
856 _uhttp://www.taylorfrancis.com/books/9781032680514
942 _cEBOOK
999 _c1766668
_d1766668